000 00827nam0a22002531 4500
001 rc\2589231
005 20250623122955.0
035 _a(NLR Aleph) 006753563
090 _a5769920
_c5769920
100 _a20110914d1929 |||y0rusy50 ca
101 0 _arus
102 _aRU
105 _ay z |||a|
200 1 _aПтичье королевство
_eРассказ актрисы
_fН. Бромлей
210 _aМосква
_cОгонек
_d1929
_gтипо-лит. акц. издат. о-ва "Огонек"
215 _a48 с.
_d15х11 см.
225 1 _aБиблиотека "Огонек"
_v№ 426
700 1 _aБромлей
_bН.Н.
_f1889-
_gНадежда Николаевна
801 0 _aRU
_bNLR
_gpsbo
801 1 _aRU
_bELAR
_2rusmarc
852 _aNLR
_j49/479-426
942 _cBOOK
980 _aNB